| 000 | 01158nam a22003497a 4500 | ||
|---|---|---|---|
| 003 | DO-SdBNP | ||
| 005 | 20180206103723.0 | ||
| 008 | 151208b 1979 sp xxu||||| |||| 00| 0 spa d | ||
| 020 | _a8420617350 | ||
| 040 |
_aBPMSU _bspa _cBPMSU |
||
| 092 |
_aXXXXX _bXXXXX |
||
| 100 | 1 |
_aStevenson, Robert Louis, _d1850-1894. |
|
| 245 | 1 | 0 |
_aEl diablo de la botella y otros cuentos / _cRobert Louis Stevenson ; traductor José Luis López Muñoz. |
| 250 | _a5a reimp. | ||
| 260 |
_aMadrid : _bAlianza Editorial Norma, _c1979. _g1989 |
||
| 300 |
_a231 p. ; _c18 cm. |
||
| 490 | 1 |
_aEl libro de bolsillo _v; 735 |
|
| 490 | 1 | _aClásicos | |
| 505 | 0 | _aLos ladrones de cadáveres -- Markheim -- Olalla -- El diablo de la botella -- La playa de Falesá. | |
| 700 | 1 | 2 |
_aLópez Muñoz, José Luis, _etr. |
| 740 | 0 | 2 | _aLos ladrones de cadáveres. |
| 740 | 0 | 2 | _aMarkheim. |
| 740 | 0 | 2 | _aOlalla. |
| 740 | 0 | 2 | _aEl diablo de la botella. |
| 740 | 0 | 2 | _aLa playa de Falesá. |
| 830 | 0 |
_aEl libro de bolsillo _n; 735 |
|
| 830 | 0 | _aClásicos | |
| 910 | _a00260 | ||
| 942 |
_2ddc _cBK |
||
| 945 | _ainventariado, 2018 / dg | ||
| 956 |
_aLorenza Pérez _b10 |
||
| 999 |
_c9046 _d9046 |
||